000 01678nam0a2200325 4500
001 RU\NLR\bibl\1707492
005 20241119231624.0
020 _aRU
_b00-13680
_9Летопись авторефератов диссертаций
021 _aRU
_b2010-13900а
_9556аа
035 _a(NLR Aleph) 001698535
090 _a1205522
_c1205522
100 _a20100723d2010 u u0rusy50 ca
101 0 _arus
102 _aRU
105 _aa dm |||||
200 1 _aАнализ и разработка моделей и алгоритмов обнаружения сигналов со скрытой периодичностью
_eдля технических систем
_eавтореферат диссертации на соискание ученой степени кандидата технических наук
_eспециальность 05.13.01 <Системный анализ, управление и обработка информации по отраслям>
_fАунг Пхио Вин
_g[Моск. гос. ин-т электрон. техники (техн. ун-т)]
210 _aМосква
_d2010
215 _a21 с.
_cил.
_d21
320 _aБиблиогр.: с. 19-21 (14 назв.)
675 _a004.9
_v3
_zrus
686 _a32.973.26-018.2
_2rubbk
686 _a05.13.01
_2oksvnk
700 0 _aАунг Пхио Вин
_4070
801 0 _aRU
_bRKP
_c20100723
_gPSBO
801 1 _aRU
_bRKP
_c20100723
801 2 _aRU
_bNLR
_c20101201
_grcr
901 _eАвторефераты
942 _cBOOK
981 1 0 _a(10) Авторефераты